[Event "Ungdoms DM, Køge 2016, 30. sep-2. okt"]
[Site "Køge Skakklub, Asgårds skole, 4600 Køge"]
[Date "2016.10.02"]
[Round "7.1"]
[White "Jaques U12, Hannibal"]
[Black "Liu U12, Casper"]
[Result "0-1"]
[BlackElo "1663"]
[WhiteElo "1477"]
[LiveChessVersion "1.4.8"]

1. e4 {[%clk 0:45:53]} e5 {[%clk 0:45:55]} 2. Nf3 {[%clk 0:46:17]} Nc6
{[%clk 0:46:12]} 3. Bb5 {[%clk 0:46:44]} Bc5 {[%clk 0:46:32]} 4. O-O
{[%clk 0:47:08]} Nf6 {[%clk 0:46:10]} 5. Bxc6 {[%clk 0:47:08]} dxc6
{[%clk 0:46:32]} 6. Nxe5 {[%clk 0:47:12]} O-O {[%clk 0:46:24]} 7. d3
{[%clk 0:47:16]} Re8 {[%clk 0:46:30]} 8. Nf3 {[%clk 0:47:38]} h6 {[%clk 0:46:24]}
9. Be3 {[%clk 0:48:03]} Bxe3 {[%clk 0:46:25]} 10. fxe3 {[%clk 0:48:26]} Ng4
{[%clk 0:45:48]} 11. Qe2 {[%clk 0:48:24]} Ne5 {[%clk 0:46:03]} 12. Nxe5
{[%clk 0:48:43]} Rxe5 {[%clk 0:46:21]} 13. Qf3 {[%clk 0:49:05]} Be6
{[%clk 0:45:46]} 14. d4 {[%clk 0:49:28]} Rb5 {[%clk 0:45:37]} 15. b3
{[%clk 0:49:38]} Qh4 {[%clk 0:44:42]} 16. c4 {[%clk 0:49:17]} Rh5
{[%clk 0:44:17]} 17. h3 {[%clk 0:49:40]} Rf8 {[%clk 0:43:59]} 18. d5
{[%clk 0:49:46]} Bd7 {[%clk 0:44:18]} 19. Qf4 {[%clk 0:49:13]} Qg5
{[%clk 0:43:43]} 20. Rf3 {[%clk 0:48:00]} Qg6 {[%clk 0:38:46]} 21. Kh2
{[%clk 0:47:44]} Rg5 {[%clk 0:37:40]} 22. Rg3 {[%clk 0:47:50]} Rxg3
{[%clk 0:37:54]} 23. Qxg3 {[%clk 0:48:13]} cxd5 {[%clk 0:37:25]} 24. exd5
{[%clk 0:48:19]} Qf6 {[%clk 0:37:46]} 25. Nc3 {[%clk 0:47:45]} Qxc3
{[%clk 0:37:13]} 26. Rf1 {[%clk 0:48:08]} Qd3 {[%clk 0:36:10]} 27. Rf3
{[%clk 0:47:48]} Rc8 {[%clk 0:29:44]} 28. Qf4 {[%clk 0:47:15]} Qg6
{[%clk 0:28:38]} 29. Rg3 {[%clk 0:47:34]} Qd6 {[%clk 0:28:44]} 30. Qd4
{[%clk 0:47:33]} f6 {[%clk 0:26:58]} 31. Qh4 {[%clk 0:46:27]} Kh8
{[%clk 0:26:50]} 32. Qh5 {[%clk 0:46:01]} Be8 {[%clk 0:25:15]} 33. Qg4
{[%clk 0:46:25]} Qd7 {[%clk 0:25:20]} 34. Qd4 {[%clk 0:46:46]} c6
{[%clk 0:22:59]} 35. Qxa7 {[%clk 0:46:29]} cxd5 {[%clk 0:23:17]} 36. cxd5
{[%clk 0:46:23]} Qxd5 {[%clk 0:23:36]} 37. Qa3 {[%clk 0:46:49]} Qc5
{[%clk 0:22:42]} 38. b4 {[%clk 0:46:40]} Qc3 {[%clk 0:22:23]} 39. Qa7
{[%clk 0:46:43]} Qxb4 {[%clk 0:21:59]} 40. a3 {[%clk 0:46:57]} Qb2
{[%clk 0:20:56]} 41. Qa5 {[%clk 0:46:40]} Qb5 {[%clk 0:20:28]} 42. Qd2
{[%clk 0:46:47]} Qc5 {[%clk 0:19:09]} 43. e4 {[%clk 0:46:49]} Bc6
{[%clk 0:18:54]} 44. Qf4 {[%clk 0:46:59]} Re8 {[%clk 0:18:19]} 45. Qg4
{[%clk 0:46:46]} Qg5 {[%clk 0:17:43]} 46. Qd1 {[%clk 0:46:54]} Qf4
{[%clk 0:17:56]} 47. Qd3 {[%clk 0:45:08]} Qxe4 {[%clk 0:18:03]} 48. Qd6
{[%clk 0:45:15]} Qe5 {[%clk 0:18:09]} 49. Qd1 {[%clk 0:45:00]} Ra8
{[%clk 0:17:39]} 50. Qd3 {[%clk 0:43:54]} Be4 {[%clk 0:16:39]} 51. Qb3
{[%clk 0:43:51]} f5 {[%clk 0:16:48]} 52. Kh1 {[%clk 0:43:32]} Rc8
{[%clk 0:14:41]} 53. Qa4 {[%clk 0:42:28]} Qxg3 {[%clk 0:14:46]} 54. Qd1
{[%clk 0:42:36]} Qxg2# 0-1

[Event "Ungdoms DM, Køge 2016, 30. sep-2. okt"]
[Site "Køge Skakklub, Asgårds skole, 4600 Køge"]
[Date "2016.10.02"]
[Round "7.2"]
[White "Jacobsen U12, Jonathan"]
[Black "Kræmmer U12, Kishichiro"]
[Result "1/2-1/2"]
[BlackElo "1347"]
[WhiteElo "1405"]
[LiveChessVersion "1.4.8"]

1. d4 {[%clk 0:45:59]} d5 {[%clk 0:45:54]} 2. c4 {[%clk 0:46:18]} e6
{[%clk 0:46:08]} 3. Nf3 {[%clk 0:46:17]} Nf6 {[%clk 0:46:01]} 4. Nc3
{[%clk 0:46:08]} c5 {[%clk 0:46:05]} 5. e3 {[%clk 0:45:10]} Nc6 {[%clk 0:46:04]}
6. cxd5 {[%clk 0:44:53]} exd5 {[%clk 0:46:20]} 7. Bb5 {[%clk 0:45:08]} a6
{[%clk 0:45:17]} 8. Bxc6+ {[%clk 0:45:09]} bxc6 {[%clk 0:45:29]} 9. O-O
{[%clk 0:45:11]} Be7 {[%clk 0:45:36]} 10. Qc2 {[%clk 0:41:50]} cxd4
{[%clk 0:43:44]} 11. exd4 {[%clk 0:42:06]} Bd7 {[%clk 0:43:33]} 12. Bf4
{[%clk 0:39:56]} O-O {[%clk 0:41:58]} 13. Rfe1 {[%clk 0:37:45]} c5
{[%clk 0:35:21]} 14. Be3 {[%clk 0:29:39]} cxd4 {[%clk 0:34:26]} 15. Bxd4
{[%clk 0:29:55]} Rc8 16. Qd3 {[%clk 0:26:34]} a5 {[%clk 0:21:29]} 17. Re2
{[%clk 0:19:01]} Bc6 {[%clk 0:18:48]} 18. Qa6 {[%clk 0:15:36]} Bb4
{[%clk 0:13:22]} 19. Bb6 {[%clk 0:11:52]} Qd6 {[%clk 0:11:49]} 20. Bxa5
{[%clk 0:10:58]} Bxc3 {[%clk 0:09:09]} 21. Bxc3 {[%clk 0:10:28]} Ra8
{[%clk 0:08:41]} 22. Qb6 {[%clk 0:08:57]} Rfb8 {[%clk 0:08:35]} 23. Qd4
{[%clk 0:08:56]} Re8 {[%clk 0:04:59]} 24. Rxe8+ {[%clk 0:08:22]} Rxe8 25. Re1
{[%clk 0:05:38]} Ra8 {[%clk 0:04:23]} 26. Qe5 {[%clk 0:04:51]} Qd7
{[%clk 0:03:43]} 27. a3 {[%clk 0:04:25]} Re8 {[%clk 0:03:31]} 28. Qg5
{[%clk 0:04:05]} Rxe1+ {[%clk 0:03:37]} 29. Bxe1 {[%clk 0:03:27]} d4
{[%clk 0:03:40]} 30. Qf4 {[%clk 0:03:13]} Qe8 {[%clk 0:02:56]} 1/2-1/2

[Event "Ungdoms DM, Køge 2016, 30. sep-2. okt"]
[Site "Køge Skakklub, Asgårds skole, 4600 Køge"]
[Date "2016.10.02"]
[Round "7.3"]
[White "van den Brink U12, Nienke"]
[Black "Hansen U12, Jonathan"]
[Result "1-0"]
[BlackElo "1237"]
[WhiteElo "1575"]
[LiveChessVersion "1.4.8"]

1. Nc3 {[%clk 0:45:56]} d5 {[%clk 0:45:42]} 2. e4 {[%clk 0:46:21]} c6
{[%clk 0:46:01]} 3. Nf3 {[%clk 0:46:44]} g6 {[%clk 0:46:05]} 4. d4
{[%clk 0:46:45]} dxe4 {[%clk 0:45:52]} 5. Nxe4 {[%clk 0:47:05]} Bg7
{[%clk 0:46:12]} 6. c3 {[%clk 0:47:09]} Nf6 {[%clk 0:46:28]} 7. Ng3
{[%clk 0:47:09]} O-O {[%clk 0:46:38]} 8. Bd3 {[%clk 0:47:01]} Be6
{[%clk 0:46:25]} 9. O-O {[%clk 0:46:10]} Nbd7 {[%clk 0:46:40]} 10. Re1
{[%clk 0:45:31]} Nb6 {[%clk 0:46:33]} 11. Qe2 {[%clk 0:42:32]} Re8
{[%clk 0:44:30]} 12. Ng5 {[%clk 0:39:17]} Bg4 {[%clk 0:43:20]} 13. f3
{[%clk 0:39:11]} Bd7 {[%clk 0:42:33]} 14. f4 {[%clk 0:37:00]} Bg4
{[%clk 0:42:03]} 15. Qf2 {[%clk 0:37:09]} e6 {[%clk 0:39:28]} 16. h3
{[%clk 0:35:38]} Bf5 {[%clk 0:39:43]} 17. Nxf5 {[%clk 0:35:13]} exf5
{[%clk 0:39:59]} 18. Bd2 {[%clk 0:34:51]} h6 {[%clk 0:39:12]} 19. Nf3
{[%clk 0:32:45]} Ne4 {[%clk 0:39:30]} 20. Qe2 {[%clk 0:31:24]} Nd6
{[%clk 0:38:04]} 21. Qf1 {[%clk 0:29:45]} Ne4 {[%clk 0:38:15]} 22. Bxe4
{[%clk 0:29:54]} fxe4 {[%clk 0:38:18]} 23. Ne5 {[%clk 0:29:21]} f6
{[%clk 0:37:38]} 24. Nxg6 {[%clk 0:27:14]} Kf7 {[%clk 0:34:30]} 25. f5
{[%clk 0:25:51]} Nd5 {[%clk 0:33:37]} 26. Qf2 {[%clk 0:21:35]} Rc8
{[%clk 0:31:05]} 27. Be3 {[%clk 0:20:14]} Rc7 {[%clk 0:30:55]} 28. Qh4
{[%clk 0:20:01]} Nxe3 {[%clk 0:30:34]} 29. Rxe3 {[%clk 0:20:22]} c5
{[%clk 0:30:01]} 30. Rxe4 {[%clk 0:18:10]} cxd4 {[%clk 0:29:01]} 31. Rxe8
{[%clk 0:17:07]} Qxe8 {[%clk 0:29:01]} 32. Qxd4 {[%clk 0:17:15]} Bf8
{[%clk 0:28:15]} 33. Nxf8 {[%clk 0:14:00]} Qxf8 {[%clk 0:27:32]} 34. Rd1
{[%clk 0:13:32]} Qc5 {[%clk 0:27:21]} 35. Qxc5 {[%clk 0:13:41]} Rxc5
{[%clk 0:27:44]} 36. Rd7+ {[%clk 0:13:47]} Ke8 {[%clk 0:27:56]} 37. Rxb7
{[%clk 0:14:08]} a5 {[%clk 0:27:46]} 38. g4 {[%clk 0:13:45]} Rd5 {[%clk 0:27:41]}
39. Kg2 {[%clk 0:11:29]} Rd2+ {[%clk 0:27:41]} 40. Kg3 {[%clk 0:11:49]} Rd1
{[%clk 0:27:32]} 41. Kh4 {[%clk 0:11:04]} Ra1 {[%clk 0:27:43]} 42. a3
{[%clk 0:11:15]} Rh1 {[%clk 0:27:58]} 43. Rb5 {[%clk 0:10:37]} Rh2
{[%clk 0:28:01]} 44. b3 {[%clk 0:10:37]} Rc2 {[%clk 0:28:01]} 45. c4
{[%clk 0:10:13]} a4 {[%clk 0:28:15]} 46. b4 {[%clk 0:09:22]} Rxc4
{[%clk 0:28:30]} 47. Ra5 {[%clk 0:09:47]} Kd7 {[%clk 0:28:50]} 48. Rxa4
{[%clk 0:09:59]} Kc6 {[%clk 0:29:11]} 49. b5+ {[%clk 0:10:22]} Kxb5
{[%clk 0:29:18]} 50. Rxc4 {[%clk 0:10:44]} Kxc4 {[%clk 0:29:43]} 51. Kh5
{[%clk 0:11:09]} Kb3 {[%clk 0:30:08]} 52. Kxh6 {[%clk 0:11:33]} Kxa3
{[%clk 0:30:27]} 53. Kg6 {[%clk 0:11:58]} Kb3 {[%clk 0:30:53]} 54. h4
{[%clk 0:12:17]} Kc4 {[%clk 0:31:14]} 55. h5 {[%clk 0:12:39]} Kd5
{[%clk 0:31:35]} 56. h6 {[%clk 0:13:00]} Kd6 {[%clk 0:31:59]} 57. h7
{[%clk 0:13:24]} Ke7 {[%clk 0:32:03]} 58. h8=Q {[%clk 0:13:45]} Kd6
{[%clk 0:32:23]} 59. Qxf6+ {[%clk 0:14:07]} Kd5 {[%clk 0:32:46]} 60. Qe6+
{[%clk 0:14:24]} Kd4 61. Kg5 {[%clk 0:14:36]} Kd3 {[%clk 0:32:51]} 62. Kf4
{[%clk 0:14:57]} Kd4 {[%clk 0:32:39]} 63. Qd6+ {[%clk 0:15:19]} Kc3
{[%clk 0:32:45]} 64. Ke3 {[%clk 0:15:41]} Kc4 {[%clk 0:32:28]} 65. Qd4+
{[%clk 0:16:03]} Kb5 {[%clk 0:31:52]} 66. Qc3 {[%clk 0:16:11]} Kb6
{[%clk 0:32:17]} 67. Kd4 {[%clk 0:16:34]} Kb7 {[%clk 0:32:42]} 68. Kd5
{[%clk 0:16:59]} Kb6 {[%clk 0:32:22]} 69. Qc6+ {[%clk 0:17:22]} Ka7
{[%clk 0:32:28]} 70. Qb5 {[%clk 0:17:46]} Ka8 {[%clk 0:32:54]} 71. Kc6
{[%clk 0:18:03]} Ka7 {[%clk 0:33:22]} 72. Kc7 {[%clk 0:18:28]} Ka8
{[%clk 0:33:44]} 73. Qb7# {[%clk 0:18:56]} 1-0

[Event "Ungdoms DM, Køge 2016, 30. sep-2. okt"]
[Site "Køge Skakklub, Asgårds skole, 4600 Køge"]
[Date "2016.10.02"]
[Round "7.4"]
[White "Tønnesen U12, Rasmus"]
[Black "Christensen U12, William"]
[Result "1-0"]
[BlackElo "1283"]
[WhiteElo "1473"]
[LiveChessVersion "1.4.8"]

1. e4 {[%clk 0:45:55]} e6 {[%clk 0:45:48]} 2. d4 {[%clk 0:46:21]} d5
{[%clk 0:46:14]} 3. exd5 {[%clk 0:46:33]} exd5 {[%clk 0:46:35]} 4. Nf3
{[%clk 0:46:45]} c5 {[%clk 0:46:00]} 5. Bb5+ {[%clk 0:46:22]} Nc6
{[%clk 0:46:03]} 6. O-O {[%clk 0:46:19]} Bd7 {[%clk 0:45:58]} 7. Re1+
{[%clk 0:46:20]} Be7 {[%clk 0:46:02]} 8. Nc3 {[%clk 0:46:01]} Nf6
{[%clk 0:45:41]} 9. dxc5 {[%clk 0:45:42]} O-O {[%clk 0:43:52]} 10. Nxd5
{[%clk 0:44:46]} Bxc5 {[%clk 0:41:25]} 11. Bg5 {[%clk 0:44:18]} Bd4
{[%clk 0:37:55]} 12. Nxd4 {[%clk 0:42:43]} Nxd4 {[%clk 0:37:42]} 13. Bxf6
{[%clk 0:39:32]} gxf6 {[%clk 0:36:48]} 14. Bxd7 {[%clk 0:39:36]} Kh8
{[%clk 0:35:35]} 15. Qxd4 {[%clk 0:38:39]} Rg8 {[%clk 0:33:46]} 16. Nxf6
{[%clk 0:36:42]} Qf8 {[%clk 0:29:45]} 17. Ne8+ {[%clk 0:36:22]} Rg7
{[%clk 0:29:42]} 18. Qxg7+ {[%clk 0:36:12]} Qxg7 {[%clk 0:30:02]} 19. Nxg7
{[%clk 0:36:37]} Kxg7 {[%clk 0:30:24]} 20. Re8 {[%clk 0:37:02]} Rxe8
{[%clk 0:30:41]} 21. Bxe8 {[%clk 0:37:25]} a6 {[%clk 0:30:43]} 22. Rd1
{[%clk 0:37:37]} b5 {[%clk 0:31:02]} 23. Rd7 {[%clk 0:38:03]} Kf8
{[%clk 0:31:08]} 24. Rxf7+ {[%clk 0:38:03]} Kxe8 {[%clk 0:31:21]} 25. Rxh7
{[%clk 0:38:24]} a5 {[%clk 0:31:40]} 26. a3 {[%clk 0:38:35]} a4 {[%clk 0:31:50]}
27. Kf1 {[%clk 0:38:34]} b4 {[%clk 0:31:52]} 28. c3 {[%clk 0:38:45]} b3
{[%clk 0:32:01]} 29. Ke2 {[%clk 0:39:08]} Kd8 {[%clk 0:32:14]} 30. Ke3 1-0

[Event "Ungdoms DM, Køge 2016, 30. sep-2. okt"]
[Site "Køge Skakklub, Asgårds skole, 4600 Køge"]
[Date "2016.10.02"]
[Round "7.5"]
[White "Stage-Steffensen U12, Theo"]
[Black "Ehrenreich U12, Simon"]
[Result "0-1"]
[BlackElo "1485"]
[WhiteElo "1351"]
[LiveChessVersion "1.4.8"]

1. e4 {[%clk 0:45:40]} c6 {[%clk 0:45:44]} 2. d4 {[%clk 0:45:13]} d5
{[%clk 0:45:53]} 3. e5 {[%clk 0:45:11]} Bf5 {[%clk 0:45:53]} 4. f4
{[%clk 0:45:17]} e6 {[%clk 0:45:10]} 5. Nf3 {[%clk 0:44:22]} h6 {[%clk 0:44:45]}
6. Bd3 {[%clk 0:43:17]} Bxd3 {[%clk 0:44:56]} 7. Qxd3 {[%clk 0:42:14]} Ne7
{[%clk 0:42:19]} 8. Be3 {[%clk 0:41:42]} Nf5 {[%clk 0:42:29]} 9. Nc3
{[%clk 0:40:56]} Nxe3 {[%clk 0:41:50]} 10. Qxe3 {[%clk 0:41:19]} Nd7
{[%clk 0:42:12]} 11. Qd3 {[%clk 0:41:23]} Bb4 {[%clk 0:42:14]} 12. f5
{[%clk 0:41:15]} Bxc3+ {[%clk 0:41:36]} 13. bxc3 {[%clk 0:41:33]} exf5
{[%clk 0:40:56]} 14. Qxf5 {[%clk 0:41:35]} Qe7 {[%clk 0:41:06]} 15. Rb1
{[%clk 0:41:46]} Rb8 {[%clk 0:41:08]} 16. O-O {[%clk 0:41:52]} O-O
{[%clk 0:40:59]} 17. Rbe1 {[%clk 0:42:10]} Qe6 {[%clk 0:41:14]} 18. Nh4
{[%clk 0:41:40]} Qxf5 {[%clk 0:40:31]} 19. Nxf5 {[%clk 0:41:44]} Nb6
{[%clk 0:40:56]} 20. Rf2 {[%clk 0:41:04]} Nc4 {[%clk 0:40:30]} 21. Ref1
{[%clk 0:40:33]} Rbe8 {[%clk 0:40:19]} 22. Rb1 {[%clk 0:38:25]} b6
{[%clk 0:39:39]} 23. Re1 {[%clk 0:38:51]} Re6 {[%clk 0:39:26]} 24. h3
{[%clk 0:35:11]} c5 {[%clk 0:35:22]} 25. Kh1 {[%clk 0:33:24]} Rd8
{[%clk 0:33:37]} 26. Rf3 {[%clk 0:31:45]} Kh7 {[%clk 0:31:20]} 27. Rg3
{[%clk 0:31:29]} g6 {[%clk 0:31:04]} 28. Ne3 {[%clk 0:30:55]} Nxe3
{[%clk 0:30:55]} 29. Rexe3 {[%clk 0:31:20]} Rc8 {[%clk 0:30:21]} 30. Re2
{[%clk 0:31:26]} cxd4 {[%clk 0:29:04]} 31. cxd4 {[%clk 0:31:31]} Rc4
{[%clk 0:29:29]} 32. Rf2 {[%clk 0:31:23]} Kg7 {[%clk 0:29:40]} 33. Rd2
{[%clk 0:31:15]} Rec6 {[%clk 0:28:52]} 34. Ra3 {[%clk 0:31:17]} Rc7
{[%clk 0:28:03]} 35. Kh2 {[%clk 0:31:02]} Rc3 {[%clk 0:27:47]} 36. Ra4
{[%clk 0:30:47]} a5 {[%clk 0:27:15]} 37. h4 {[%clk 0:29:44]} Rxc2
{[%clk 0:26:47]} 38. Rxc2 {[%clk 0:30:02]} Rxc2 {[%clk 0:27:14]} 39. Kg3
{[%clk 0:30:14]} Rc3+ {[%clk 0:25:39]} 40. Kf4 {[%clk 0:28:29]} h5
{[%clk 0:25:18]} 41. g4 {[%clk 0:28:09]} hxg4 {[%clk 0:25:01]} 42. Kxg4
{[%clk 0:28:33]} Kh6 {[%clk 0:24:12]} 43. a3 {[%clk 0:27:58]} Rc1
{[%clk 0:23:58]} 44. Kh3 {[%clk 0:27:24]} Kh5 {[%clk 0:23:35]} 45. Kg3
{[%clk 0:27:29]} Rc3+ {[%clk 0:23:32]} 46. Kf4 {[%clk 0:27:36]} Rc8
{[%clk 0:22:04]} 47. Kg3 {[%clk 0:27:52]} Ra8 {[%clk 0:22:26]} 48. Kf4
{[%clk 0:27:01]} b5 {[%clk 0:22:39]} 0-1

[Event "Ungdoms DM, Køge 2016, 30. sep-2. okt"]
[Site "Køge Skakklub, Asgårds skole, 4600 Køge"]
[Date "2016.10.02"]
[Round "7.6"]
[White "Høyerup U12, Silas"]
[Black "Madsen U12, Henrik"]
[Result "*"]
[BlackElo "1206"]
[WhiteElo "1311"]
[LiveChessVersion "1.4.8"]

1. d4 {[%clk 0:45:58]} d5 {[%clk 0:45:47]} 2. e3 {[%clk 0:46:24]} Bf5
{[%clk 0:45:50]} 3. Bd3 {[%clk 0:46:36]} Bg6 {[%clk 0:44:45]} 4. f4
{[%clk 0:46:50]} e6 {[%clk 0:43:08]} 5. Nf3 {[%clk 0:46:34]} Nf6 {[%clk 0:42:44]}
6. Nc3 {[%clk 0:46:18]} Bd6 {[%clk 0:40:58]} 7. O-O {[%clk 0:45:31]} O-O
{[%clk 0:37:15]} 8. Ne5 {[%clk 0:45:27]} Bh5 {[%clk 0:37:28]} 9. Qe1
{[%clk 0:44:49]} Ng4 {[%clk 0:36:26]} 10. Nxg4 {[%clk 0:43:56]} Bxg4
{[%clk 0:36:35]} 11. Qg3 {[%clk 0:44:02]} Bh5 {[%clk 0:35:45]} 12. Qh3
{[%clk 0:44:03]} Bg6 {[%clk 0:34:56]} 13. f5 {[%clk 0:43:41]} exf5
{[%clk 0:33:52]} 14. Nxd5 {[%clk 0:43:31]} Nd7 {[%clk 0:32:44]} 15. Bxf5
{[%clk 0:43:37]} Bxf5 {[%clk 0:32:53]} 16. Qxf5 {[%clk 0:43:37]} c6
{[%clk 0:32:48]} 17. Nf4 {[%clk 0:43:26]} g6 {[%clk 0:30:07]} 18. Qd3
{[%clk 0:42:33]} Nf6 19. Bd2 Re8 {[%clk 0:26:35]} 20. c4 {[%clk 0:42:09]} Ne4
{[%clk 0:26:02]} 21. c5 {[%clk 0:41:49]} Bc7 {[%clk 0:25:24]} 22. Ne2
{[%clk 0:38:52]} Qh4 {[%clk 0:24:47]} 23. Nf4 {[%clk 0:38:18]} g5
{[%clk 0:24:58]} 24. Nh3 {[%clk 0:38:25]} g4 {[%clk 0:23:56]} 25. Nf4
{[%clk 0:38:34]} h5 {[%clk 0:22:07]} 26. Be1 {[%clk 0:36:16]} Qg5
{[%clk 0:20:30]} 27. Qb3 {[%clk 0:32:55]} h4 {[%clk 0:20:16]} 28. Ne2
{[%clk 0:32:23]} Re7 {[%clk 0:19:53]} 29. Nf4 {[%clk 0:30:47]} h3
{[%clk 0:18:53]} 30. g3 {[%clk 0:28:55]} Rae8 {[%clk 0:13:14]} 31. Rd1
{[%clk 0:27:18]} Qh6 {[%clk 0:09:00]} 32. Qa4 {[%clk 0:25:38]} a6
{[%clk 0:09:08]} 33. Ba5 {[%clk 0:25:40]} Bb8 {[%clk 0:07:39]} 34. Qc2
{[%clk 0:24:09]} Ng5 {[%clk 0:06:55]} 35. Qf5 {[%clk 0:21:47]} Nf3+
{[%clk 0:05:44]} 36. Kh1 {[%clk 0:21:32]} Bxf4 {[%clk 0:05:18]} 37. Qxg4+
{[%clk 0:20:27]} Bg5 {[%clk 0:05:15]} 38. Rxf3 {[%clk 0:19:47]} Re4
{[%clk 0:03:31]} 39. Qf5 {[%clk 0:19:17]} Qh5 {[%clk 0:01:33]} 40. Rg1
{[%clk 0:18:19]} Rxe3 {[%clk 0:01:45]} 41. Rxe3 {[%clk 0:17:48]} Bxe3
{[%clk 0:01:30]} 42. Rf1 {[%clk 0:17:05]} *

[Event "Ungdoms DM, Køge 2016, 30. sep-2. okt"]
[Site "Køge Skakklub, Asgårds skole, 4600 Køge"]
[Date "2016.10.02"]
[Round "7.7"]
[White "Lux U12, Silas"]
[Black "Brødsgaard U12, Tobias"]
[Result "1/2-1/2"]
[BlackElo "1246"]
[WhiteElo "1100"]
[LiveChessVersion "1.4.8"]

1. e4 {[%clk 0:45:59]} e5 {[%clk 0:45:56]} 2. Nf3 {[%clk 0:46:16]} Nf6
{[%clk 0:46:19]} 3. Nc3 {[%clk 0:45:21]} Nc6 {[%clk 0:46:40]} 4. Bc4
{[%clk 0:45:24]} Nxe4 {[%clk 0:46:52]} 5. d3 {[%clk 0:42:35]} Nxc3
{[%clk 0:45:59]} 6. bxc3 {[%clk 0:42:43]} Bc5 {[%clk 0:46:09]} 7. Bg5
{[%clk 0:42:02]} f6 {[%clk 0:46:20]} 8. Be3 {[%clk 0:41:46]} Bxe3
{[%clk 0:45:41]} 9. fxe3 {[%clk 0:40:47]} d5 {[%clk 0:45:05]} 10. Bb5
{[%clk 0:39:46]} Bg4 {[%clk 0:42:47]} 11. d4 {[%clk 0:38:15]} e4 {[%clk 0:41:41]}
12. h3 {[%clk 0:36:53]} Bh5 {[%clk 0:41:20]} 13. g4 {[%clk 0:36:05]} Bg6
{[%clk 0:40:12]} 14. Nh4 {[%clk 0:35:24]} f5 {[%clk 0:39:36]} 15. Nxf5
{[%clk 0:32:49]} Bxf5 {[%clk 0:39:46]} 16. gxf5 {[%clk 0:32:00]} Qh4+
{[%clk 0:40:07]} 17. Kf1 {[%clk 0:28:19]} O-O {[%clk 0:39:07]} 18. Qg4
{[%clk 0:27:21]} Qh6 {[%clk 0:39:16]} 19. Kf2 {[%clk 0:27:30]} Ne7
{[%clk 0:39:25]} 20. Ke2 {[%clk 0:25:58]} Rxf5 {[%clk 0:38:56]} 21. Bd7
{[%clk 0:25:38]} Rg5 {[%clk 0:37:01]} 22. Qe6+ {[%clk 0:24:41]} Qxe6
{[%clk 0:37:23]} 23. Bxe6+ {[%clk 0:24:07]} Kh8 {[%clk 0:37:21]} 24. Rhf1
{[%clk 0:23:46]} Rg6 {[%clk 0:35:31]} 25. Bg4 {[%clk 0:22:49]} Kg8
{[%clk 0:30:55]} 26. Rab1 {[%clk 0:21:03]} b6 {[%clk 0:30:45]} 27. Rf4
{[%clk 0:20:56]} 1/2-1/2

[Event "Ungdoms DM, Køge 2016, 30. sep-2. okt"]
[Site "Køge Skakklub, Asgårds skole, 4600 Køge"]
[Date "2016.10.02"]
[Round "7.9"]
[White "Koch-Müller U12, Oscar"]
[Black "Hansen U12, Mikkel"]
[Result "*"]
[BlackElo "1091"]
[WhiteElo "1513"]
[LiveChessVersion "1.4.8"]

1. e4 {[%clk 0:45:59]} e6 {[%clk 0:45:09]} 2. Nc3 {[%clk 0:46:23]} d5
{[%clk 0:45:25]} 3. exd5 {[%clk 0:46:45]} exd5 {[%clk 0:45:46]} 4. d4
{[%clk 0:47:04]} Nf6 {[%clk 0:45:46]} 5. Bg5 {[%clk 0:47:12]} c6 {[%clk 0:42:08]}
6. Qe2+ {[%clk 0:46:39]} Be6 {[%clk 0:41:24]} 7. Nf3 {[%clk 0:46:34]} Bb4
{[%clk 0:40:17]} 8. Qe3 {[%clk 0:44:34]} h6 {[%clk 0:39:21]} 9. Bh4
{[%clk 0:43:19]} Nbd7 {[%clk 0:38:34]} 10. Be2 {[%clk 0:42:38]} Qa5
{[%clk 0:37:54]} 11. Bxf6 {[%clk 0:40:48]} Nxf6 {[%clk 0:37:10]} 12. O-O
{[%clk 0:39:46]} Bxc3 {[%clk 0:37:09]} 13. Qxc3 {[%clk 0:39:57]} Qxc3
{[%clk 0:37:26]} 14. bxc3 {[%clk 0:40:25]} Ne4 {[%clk 0:37:38]} 15. c4
{[%clk 0:36:12]} dxc4 {[%clk 0:35:11]} 16. Rfe1 {[%clk 0:35:13]} Nd6
{[%clk 0:32:31]} 17. Ne5 {[%clk 0:34:12]} O-O {[%clk 0:30:49]} 18. Rab1
{[%clk 0:32:04]} Bd5 {[%clk 0:26:36]} 19. Nd7 {[%clk 0:24:26]} Rfe8
{[%clk 0:23:43]} 20. Nc5 {[%clk 0:24:09]} b5 {[%clk 0:19:04]} 21. a4
{[%clk 0:21:25]} a6 {[%clk 0:18:29]} 22. axb5 {[%clk 0:17:53]} cxb5
{[%clk 0:13:30]} 23. Nd7 {[%clk 0:15:06]} a5 {[%clk 0:11:17]} 24. Nb6
{[%clk 0:15:09]} Bc6 {[%clk 0:10:09]} 25. Nxa8 {[%clk 0:15:15]} Bxa8
{[%clk 0:10:26]} 26. Bg4 {[%clk 0:14:18]} Re4 {[%clk 0:07:40]} 27. Rxe4
{[%clk 0:13:25]} Bxe4 {[%clk 0:05:14]} 28. Ra1 {[%clk 0:12:44]} Bxc2
{[%clk 0:04:29]} 29. Rxa5 {[%clk 0:12:29]} b4 {[%clk 0:03:44]} 30. Rd5
{[%clk 0:09:50]} Ne4 {[%clk 0:02:59]} 31. Bf5 {[%clk 0:09:56]} b3
{[%clk 0:01:17]} 32. Rd8# {[%clk 0:10:18]} *